Ekonomické aspekty výrobnej vertikály vína
Zhodnotenie situácie v dodávateľsko-odberateľskom reťazci viniča hroznorodého v súvislosti s konkurencieschopnosťou našich produktov na domácom a zahraničnom trhu v období rokov 2004-2013. Produkcia hrozna na výrobu vína, ktoré je základnou surovinou do vinárskeho priemyslu, domácu spotrebu plne nep...
Enregistré dans:
| Auteur principal: | |
|---|---|
| Autres auteurs: | |
| Format: | Chapitre de livre |
| Langue: | slovaque |
| Sujets: | |
| Tags: |
Pas de tags, Soyez le premier à ajouter un tag!
|
MARC
| LEADER | 00000nla a2200000 4500 | ||
|---|---|---|---|
| 001 | 0206277 | ||
| 005 | 20240417075100.1 | ||
| 041 | 0 | |a slo | |
| 044 | |a SK | ||
| 245 | 1 | 0 | |a Ekonomické aspekty výrobnej vertikály vína |c Dagmar Matošková, Jozef Gálik |
| 520 | |a Zhodnotenie situácie v dodávateľsko-odberateľskom reťazci viniča hroznorodého v súvislosti s konkurencieschopnosťou našich produktov na domácom a zahraničnom trhu v období rokov 2004-2013. Produkcia hrozna na výrobu vína, ktoré je základnou surovinou do vinárskeho priemyslu, domácu spotrebu plne nepokrýva, preto sa časť výrobnej spotreby musí riešiť dovozom. Obdobná situácia v sebestačnosti je aj pri víne. Podiel slovenských výrobkov vinárskeho priemyslu na domácom trhu výrazne klesá, ich konkurencieschopnosť na trhoch EÚ sa v poslednom čase zhoršuje. | ||
| 610 | 2 | 0 | |a víno |
| 610 | 2 | 0 | |a priemysel vinársky |
| 610 | 2 | 0 | |a vinohradníctvo |
| 610 | 2 | 0 | |a konkurencieschopnosť |
| 610 | 2 | 0 | |a ceny |
| 610 | 2 | 0 | |a reťazce dodávateľsko-odberateľské |
| 610 | 2 | 0 | |a ukazovatele ekonomické |
| 610 | 2 | 0 | |a Slovensko |
| 610 | 2 | 0 | |a porovnanie medzinárodné |
| 100 | 1 | |a Matošková, Dagmar | |
| 700 | 1 | |a Gálik, Jozef | |